História Sociedade e Cidadania

Gespeichert in:
Bibliographische Detailangaben
1. Verfasser: BOULOS, Alfredo Júnior
Format: Buch
Sprache:Portugiesisch
Erschienen: São Paulo FTD 2018
Ausgabe:4ª ed.
Katalog:MANES:  Suchergebnis im Bibliothekskatalog
Schulbuchspezifische Eigenschaften:
Tags: Tag hinzufügen
Keine Tags, Fügen Sie den ersten Tag hinzu!
Hinzugefügt zu:27.02.2025
Geändert in:07.05.2025

MARC

LEADER 00000nam a22000007a 4500
005 20250507124323.0
008 250228b |||||||| |||| 00| 0 por d
040 |a centro_manes  |c Ponta_Grossa 
100 |a BOULOS, Alfredo Júnior  |9 43138 
245 |a História Sociedade e Cidadania 
250 |a 4ª ed. 
260 |a São Paulo  |b FTD  |c 2018 
300 |a 272 p.  |c 28 x 21 cm. 
500 |a Possui mapas, imagens coloridas, atividades, bibliografia e está divido em 4 unidades: 1- Iluminismo; 2- Rebeliões na américa Portuguesa; 3- O reinado de D.Pedro I: uma cidadania limitada; 4- Industrialização, imperialismo e resistência.  
546 |a Brasil 
561 |5 br-UEPG  |a Brasil. Universidade Estadual de Ponta Grossa  |k MANES 
690 0 |a HI 
691 |a SE 
942 |2 ddc  |c BK 
999 |c 104239  |d 104239 
999 |c manes:104239  |d 104239